Three billy goats Gruff / (Record no. 3086)

MARC details
000 -LEADER
fixed length control field 01230cam a2200397 a 4500
001 - CONTROL NUMBER
control field 3086
003 - CONTROL NUMBER IDENTIFIER
control field FISKH
005 - DATE AND TIME OF LATEST TRANSACTION
control field 20250826090154.0
008 - FIXED-LENGTH DATA ELEMENTS--GENERAL INFORMATION
fixed length control field 971015s1997 caua b 000 0 eng
010 ## - LIBRARY OF CONGRESS CONTROL NUMBER
LC control number 97032445
020 ## - INTERNATIONAL STANDARD BOOK NUMBER
International Standard Book Number 1889397032
020 ## - INTERNATIONAL STANDARD BOOK NUMBER
International Standard Book Number 9789814281102
040 ## - CATALOGING SOURCE
Original cataloging agency DLC
Transcribing agency DLC
Modifying agency DLC
Language of cataloging eng
041 1# - LANGUAGE CODE
Language code of text/sound track or separate title engspa
Language code of original eng
042 ## - AUTHENTICATION CODE
Authentication code lcac
050 00 - LIBRARY OF CONGRESS CALL NUMBER
Classification number PS3563.U86
Item number T4718 1997
082 00 - DEWEY DECIMAL CLASSIFICATION NUMBER
Classification number 812/.54
Edition number 21
100 ## - MAIN ENTRY--PERSONAL NAME
Personal name Smith, Annette
245 ## - TITLE STATEMENT
Title Three billy goats Gruff /
Statement of responsibility, etc. Retold by Annette Smith ; Illustrated by Pat Reynolds
260 ## - PUBLICATION, DISTRIBUTION, ETC.
Place of publication, distribution, etc. New Tech Park:
Name of publisher, distributor, etc. Cengage Learning,
Date of publication, distribution, etc. 1997
300 ## - PHYSICAL DESCRIPTION
Extent 32 pages ;
Other physical details color illustrations ;
Dimensions 22 cm
505 ## - FORMATTED CONTENTS NOTE
Formatted contents note J<br/>
520 ## - SUMMARY, ETC.
Summary, etc. Presents a play adaptation of the Norwegian tale about three clever goats and a nasty troll.
521 ## - TARGET AUDIENCE NOTE
Target audience note 500<br/>
Source Lexile <br/>
521 ## - TARGET AUDIENCE NOTE
Target audience note J<br/>
Source Raz-Plus <br/>
650 #0 - SUBJECT ADDED ENTRY--TOPICAL TERM
Topical term or geographic name entry element Goats
General subdivision Folklore.
650 #0 - SUBJECT ADDED ENTRY--TOPICAL TERM
Topical term or geographic name entry element Children's plays, American.
650 #0 - SUBJECT ADDED ENTRY--TOPICAL TERM
Topical term or geographic name entry element Children's plays, American
650 #1 - SUBJECT ADDED ENTRY--TOPICAL TERM
Topical term or geographic name entry element Fairy tales
General subdivision Drama.
650 #1 - SUBJECT ADDED ENTRY--TOPICAL TERM
Topical term or geographic name entry element Folklore
General subdivision Drama.
650 #1 - SUBJECT ADDED ENTRY--TOPICAL TERM
Topical term or geographic name entry element Goats
General subdivision Folklore
-- Drama.
650 #1 - SUBJECT ADDED ENTRY--TOPICAL TERM
Topical term or geographic name entry element Plays.
700 ## - ADDED ENTRY--PERSONAL NAME
Personal name Reynolds, Pat
Relator term Illustrator
906 ## - LOCAL DATA ELEMENT F, LDF (RLIN)
a 7
b cbc
c orignew
d 1
e ocip
f 19
g y-gencatlg
942 ## - ADDED ENTRY ELEMENTS (KOHA)
Source of classification or shelving scheme Dewey Decimal Classification
Koha item type Books
Suppress in OPAC No
Holdings
Withdrawn status Lost status Source of classification or shelving scheme Damaged status Not for loan Collection Home library Current library Shelving location Date acquired Total Checkouts Full call number Barcode Date last seen Date last checked out Copy number Price effective from Koha item type
    Dewey Decimal Classification     Juvenile Fiction Footprints International School Library Network Toul Kork Campus Footprints International School Library Network Toul Kork Campus TK Primary Library Room(4th Floor), Bookcase 1&2, Shelves 1-16, Dark Blue Books 02/05/2024 3 SMI Fic PZ8.A8 FISTK04121 11/20/2025 11/13/2025 1 02/05/2024 Books
    Dewey Decimal Classification     Juvenile Fiction Footprints International School Library Network Toul Kork Campus Footprints International School Library Network Toul Kork Campus TK Primary Library Room(4th Floor), Bookcase 1&2, Shelves 1-16, Dark Blue Books 11/25/2024   SMI Fic PZ8.A8 2024-2366 11/25/2024   3 11/25/2024 Books
    Dewey Decimal Classification     Juvenile Fiction Footprints International School Library Network Toul Tom Poung Campus Footprints International School Library Network Toul Tom Poung Campus TTP Primary Dark Blue Bookshelves 02/05/2024   SMI Fic PZ8.A8 FISTK04122 02/29/2024   2 02/05/2024 Books
    Dewey Decimal Classification     Juvenile Fiction Footprints International School Library Network Toul Tom Poung Campus Footprints International School Library Network Toul Tom Poung Campus TTP Primary Dark Blue Bookshelves 08/26/2025   SMI Fic PZ8.A8 FISBK05032 08/26/2025   4 08/26/2025 Books